| 000 | 00674nam a22002297a 4500 | ||
|---|---|---|---|
| 999 |
_c1358 _d1358 |
||
| 001 | 10657 | ||
| 003 | BD-DhUAP | ||
| 005 | 20200206094806.0 | ||
| 008 | 200206s20041965ii b 001 0 eng | ||
| 020 | _a8175343745 | ||
| 040 |
_aDLC _cDLC _dBD-DhUAP _bEng |
||
| 082 |
_a340.1 STO _223 |
||
| 100 | 1 | _aStone, Julius. | |
| 245 | 1 | 0 |
_aHuman law and human justice / _cJulius Stone. |
| 260 |
_aNew Delhi : _bUniversal law publishing co. pvt. ltd., _cc1965 [Reprinted 2004]. |
||
| 300 |
_axxiii, 415 pages ; _c24 cm. |
||
| 504 | _aIncludes bibliographical references and index. | ||
| 650 | _aJustice. | ||
| 650 |
_aLaw _vPhilosophy. |
||
| 650 | _aNatural law. | ||
| 942 |
_2ddc _cBK |
||